World trade and payments : an introduction (Record no. 3288)
[ view plain ]
| 000 -LEADER | |
|---|---|
| fixed length control field | 00675nam a2200253Ia 4500 |
| 020 ## - INTERNATIONAL STANDARD BOOK NUMBER | |
| ISBN | 0-321-08904-9 |
| 082 ## - DEWEY DECIMAL CLASSIFICATION NUMBER | |
| Classification number | 382 CAV-W |
| 100 ## - MAIN ENTRY--AUTHOR NAME | |
| Personal name | Caves, Richard E. |
| 245 #0 - TITLE STATEMENT | |
| Title | World trade and payments : an introduction |
| 250 ## - EDITION STATEMENT | |
| Edition statement | 9th |
| 260 ## - PUBLICATION, DISTRIBUTION, ETC. (IMPRINT) | |
| Place of publication | Boston |
| Name of publisher | Addison Wesley |
| Year of publication | 2002 |
| 300 ## - PHYSICAL DESCRIPTION | |
| Number of Pages | xiii, 634p. |
| 440 ## - SERIES STATEMENT/ADDED ENTRY--TITLE | |
| Title | Addison-Wesley Series in Economics |
| 504 ## - BIBLIOGRAPHY, ETC. NOTE | |
| Bibliography, etc | Includes index |
| 650 ## - SUBJECT ADDED ENTRY--TOPICAL TERM | |
| Topical Term | Income distribution |
| 650 ## - SUBJECT ADDED ENTRY--TOPICAL TERM | |
| Topical Term | Commercial policy |
| 650 ## - SUBJECT ADDED ENTRY--TOPICAL TERM | |
| Topical Term | International trade |
| 650 ## - SUBJECT ADDED ENTRY--TOPICAL TERM | |
| Topical Term | Distribution of income |
| 650 ## - SUBJECT ADDED ENTRY--TOPICAL TERM | |
| Topical Term | World Trade |
| 650 ## - SUBJECT ADDED ENTRY--TOPICAL TERM | |
| Topical Term | Balance of payments |
| 700 ## - ADDED ENTRY--PERSONAL NAME | |
| Personal name | Frankle, Jeffrey A. |
| 700 ## - ADDED ENTRY--PERSONAL NAME | |
| Personal name | Jones, Ronald W. |
| 942 ## - ADDED ENTRY ELEMENTS (KOHA) | |
| Koha item type | Books |
| Withdrawn status | Lost status | Damaged status | Not for loan | Home library | Current library | Date acquired | Bill Date | Full call number | Accession Number | Price effective from | Koha item type |
|---|---|---|---|---|---|---|---|---|---|---|---|
| NASSDOC Library | NASSDOC Library | 09/09/2004 | 2004-10-05 | 382 CAV-W | 39281 | 18/04/2019 | Books |
